College Quarterback Alumni - Statistics

General Stats
  • This quiz has been taken 19 times
  • The average score is 8 of 9
Answer Stats
Hint Answer % Correct
Bryce Young, Joe Namath, AJ McAaron Alabama
100%
Cam Newton, Bo Nix, Nick Marshall Auburn
100%
Matthew Stafford, Fran Tarkenton, Aaron Murray Georgia
100%
Marcus Mariota, Justin Herbert, Bob Berry Oregon
100%
Peyton Manning, Joe Milton, Josh Dobbs Tennessee
100%
Michael Penix Jr., Warren Moon, Jake Browning Washington
100%
Jared Goff, Aaron Rodgers Cal
94%
Matt Ryan, Matt Hasselbeck, Doug Flutie Boston College
81%
Cam Ward, Jim Kelly, Vinny Testaverde Miami, FL
69%
No matching quizzes found
Score Distribution
Percent of People with Each Score
Percentile by Number Answered
Your Score History
You have not taken this quiz